000 00815cam a2200301 a 4500
005 20260322212007.0
008 data
010 _a83-23782
020 _a0723670595
020 _a9780723670599
040 _aDNLM
_cDNLM
041 0 9 _aeng
044 _9United States
060 0 0 _aHV 6546
_bS9485 1984
245 0 0 _aSuicide in the young /
_cedited by Howard S. Sudak, Amasa B. Ford & Norman B. Rushforth.
260 _aBoston :
_bWright-PSG,
_c1984.
300 _axxiii, 445 p. :
_bill.
504 _aIncludes bibliographical references and index.
590 _aIncludes bibliographies and index.
650 2 _aSuicide
650 2 2 _aAdolescent
650 2 2 _aChild
650 2 2 _aInfant
700 1 _aSudak, Howard S.
700 1 _aFord, Amasa B.,
_d1922-
700 1 _aRushforth, Norman B.
001 data
999 _c129
_d129